00941nam a22002297a 450000500170000000800410001702000180005804000070007604100080008308200180009110000290010924500420013825000130018026000350019330000240022836500660025252001750031865000430049394200120053699900190054895201440056720240314161402.0240314b ||||| |||| 00| 0 eng d a9789332518322 cAL aeng 223a339bFROM aRichard T Froyen9154418 aMacroeconomics: theories and policies a10th ed. aNoidabPearson Educationc2023 a385p.bPBc25x20cm. 2GeneralaVBI-2056b₹671.25c₹d₹895.00e25%f26-02-2024 aMacroeconomics traces the history, evolution and challenges of Keynesian economics, presenting a comprehensive, detailed and unbiased view of modern macroeconomic theory. 2MacroeconomicsaMacroeconomics9154419 2ddccBK c230361d230361 00102ddc40708ECOaSACPGbSACPGd2024-03-13eVidyarthi Booksg671.25l0o339 FROMpPG024716r2024-03-14 00:00:00v895.00w2024-03-14yBK